000 00396nam a22001577a 4500
005 20250328131942.0
008 250328b |||||||| |||| 00| 0 eng d
020 _a9780230600010
050 _aHD 30.27 SAL
_b1
100 _aSALZMAN, Marian
245 _aNext now trends for the future
260 _aNew York
_bPalgrave
_c2007
300 _a307p
700 _aMATATHIA, IRA
942 _2lcc
_cBK
_n0
999 _c5303
_d5303